Statystyki dla Zgadnij czyja to piosenka! (Polski rap) 2

Kliknij tutaj aby rozwiązać quiz!

Ogólne statystyki

  • Ten quiz został rozwiązany 1 541 razy
  • Średni wynik to 10 z 15

Statystyki odpowiedzi

NazwaOdpowiedź% Poprawnych
WIFIGuzior
91%
DaddyshoesŻabson
83%
Najmłodszy z chillwagonuQry
77%
MeowBeteo
76%
DementorFilipek
76%
RivendellBedoes
73%
BlakablakablakaBialas
72%
TlenTaco Hemingway
72%
Dobry chłopakSarius
66%
Ostatni snapSolar
62%
Czemu nie?Reto
61%
Kurtki bomberkiZeamsone
49%
RuchyJan rapowanie
43%
Polskie miamiJoda
43%
OnigiriGedz
32%

Rozkład punktacji

Percentyl według liczby udzielonych odpowiedzi

Procent ludzi z każdym wynikiem

Twoja historia wyników

Nie rozwiązałeś tego quizu